| 000 | 00713nam a2200229 i 4500 | ||
|---|---|---|---|
| 001 | 73734 | ||
| 003 | ES-MaACL | ||
| 007 | t| | ||
| 008 | 040910s1984 sp ||||1| spa d | ||
| 020 | _a84-7039-435-5 | ||
| 100 | 1 |
_aGóngora y Argote, Luis de. _958246 |
|
| 245 | 1 | 4 |
_aLas firmezas de Isabela / _cLuis de Góngora ; edición, introducción y notas de Robert Jammes. |
| 260 |
_aMadrid : _bCastalia, _c1984. |
||
| 300 |
_a305 p., 3 lám. ; _c18 cm. |
||
| 490 | 1 |
_aClásicos Castalia ; _v137 |
|
| 500 | _aIndices. | ||
| 504 | _aBibliografía: p. 29-33. | ||
| 700 | 1 |
_aJammes, Robert. _965989 |
|
| 830 | 0 |
_aClásicos Castalia ; _v137 _9178595 |
|
| 852 |
_aES-MaACL _jL-9015 _bR.110374 |
||
| 999 |
_c73734 _d73734 |
||